000 00697nam a22001937a 4500
003 OSt
005 20260113090111.0
008 251106b |||||||| |||| 00| 0 eng d
020 _a978-621-427-070-5
040 _aDWCL-Main lib
_cOC
082 _aFil. 657.7 M539s 2020
100 _aMendoza, Ernesto H.
245 _aSupply chain and logistics management:
_benhancing competitive edge & Customer Satisfaction/
_cErnesto H. Mendoza
260 _a Manila :
_b Unlimited Service & Publishing,
_cc2020.
300 _a xii , 418 pages :
_b illustrations ;
_c25cm.
504 _aIncludes bibliographical references
650 _a1. Business letter logistics
942 _2ddc
_cBK - FIL
_kFil.
_n0
999 _c5587
_d5587